| 000 | 00370nam a2200157Ia 4500 | ||
|---|---|---|---|
| 005 | 20250509053352.0 | ||
| 008 | 240331s9999 xx 000 0 und d | ||
| 020 | _a9789558354223 | ||
| 082 |
_bNIS _a891 |
||
| 100 | _aNisha,K | ||
| 245 | 0 | _aRailukku neramatchu | |
| 260 |
_aColombo _bGanam Pathippagm _c2008 |
||
| 300 | _a80 p ., | ||
| 650 | _aShort Stories | ||
| 942 | _cL | ||
| 999 |
_c4975 _d4975 |
||